Library Banner

Dictionary of economics (Record no. 22516)

MARC details
000 -LEADER
fixed length control field 00492nam a2200193Ia 4500
001 - CONTROL NUMBER
control field 22237
008 - FIXED-LENGTH DATA ELEMENTS--GENERAL INFORMATION
fixed length control field 140409s9999 xx 000 0 und d
020 ## - INTERNATIONAL STANDARD BOOK NUMBER
International Standard Book Number 1-86197-073-0
040 ## - CATALOGING SOURCE
Transcribing agency PK-LaUMT
082 ## - DEWEY DECIMAL CLASSIFICATION NUMBER
Classification number R 330.03
Item number BAN-D
100 ## - MAIN ENTRY--PERSONAL NAME
Personal name Evan David
245 ## - TITLE STATEMENT
Title Dictionary of economics
Statement of responsibility, etc Evan David<>Graham Bannock<>R. E. Baxter
260 ## - PUBLICATION, DISTRIBUTION, ETC. (IMPRINT)
Place of publication, distribution, etc London,UK:
Name of publisher, distributor, etc Penguin Books,
Date of publication, distribution, etc 2001
300 ## - PHYSICAL DESCRIPTION
Extent 439 p.
546 ## - LANGUAGE NOTE
Language note EN
700 ## - ADDED ENTRY--PERSONAL NAME
Personal name Graham Bannock
700 ## - ADDED ENTRY--PERSONAL NAME
Personal name R. E. Baxter
942 ## - ADDED ENTRY ELEMENTS (KOHA)
Koha item type Books
Holdings
Withdrawn status Lost status Damaged status Not for loan Home library Current library Date acquired Total Checkouts Full call number Barcode Date last seen Price effective from Koha item type
        UMT Main Campus UMT Main Campus 2014-04-09   R 330.03 BAN-D 24996 2014-04-23 2014-04-23 Books